000 01224cam a2200325 a 4500
999 _c285
_d285
001 742987
003 GZU
005 20200717111502.0
008 981211s1999 enka b 001 0 eng d
010 _a 99168718
020 _a0750707666 (cased)
020 _a0750707658 (pbk.)
035 _a(DLC) 99168718
035 _a(OCoLC)40499408
040 _aUk
_cUk
_dTxU
_dDLC
042 _alccopycat
050 0 0 _aBF723.D7
_bMAT 1999
100 1 _aMatthews, John,
_d1945-
_eauthor
245 1 4 _aThe art of childhood and adolescence :
_bthe construction of meaning /
_cJohn Matthews.
260 _aLondon ;
_aPhiladelphia, PA :
_bFalmer Press,
_c1999.
300 _axx, 177p. :
_bill. (some col.) ;
_c26 cm.
500 _aIncludes bibliographical references (p. 164-169) and index
504 _aIncludes bibliographical references (p. 164-169) and index.
650 0 _aChildren's drawings
_xPsychological aspects.
650 0 _aChild development.
856 4 2 _3Publisher description
_uhttp://www.loc.gov/catdir/enhancements/fy0652/99168718-d.html
906 _a7
_bcbc
_ccopycat
_d2
_encip
_f19
_gy-gencatlg
942 _2lcc
_cBK
_h723.D7
_iMAT
_kBF